| 000 | 00385nam a22001337a 4500 | ||
|---|---|---|---|
| 008 | 240220b |||||||| |||| 00| 0 eng d | ||
| 020 | _a9789589019115 | ||
| 082 |
_aA-N _bSOTH1 |
||
| 100 |
_aSoto Aparicio, Fernando _eautor _942584 |
||
| 245 |
_aHermano hombre / _cFernando Soto Aparicio |
||
| 260 |
_8Bogotá: _aEditorial Atenea, _b2013 |
||
| 300 |
_a381 páginas; _c21 cm. |
||
| 942 | _2ddc | ||
| 999 |
_c30656 _d17040 |
||